000 00369nam a22001337a 4500
008 230704b xxu||||| |||| 00| 0 eng d
020 _a11164850
082 _a341.762
_bUN
110 _bUnited Nations
245 _aCode of conduct on Accidental pollution of trans boundary inland Waters
260 _aNew york
_bUnited Nations
_c1990
300 _a41p
942 _2ddc
_cBK
999 _c3850
_d3850